<?xml version="1.0" encoding="UTF-8"?>
<record
    xmlns:xsi="http://www.w3.org/2001/XMLSchema-instance"
    xsi:schemaLocation="http://www.loc.gov/MARC21/slim http://www.loc.gov/standards/marcxml/schema/MARC21slim.xsd"
    xmlns="http://www.loc.gov/MARC21/slim">

  <leader>00534nam a2200145Ia 4500</leader>
  <controlfield tag="008">100122s9999    xx            000 0 und d</controlfield>
  <datafield tag="082" ind1=" " ind2=" ">
    <subfield code="b">31023</subfield>
    <subfield code="a">923.654</subfield>
  </datafield>
  <datafield tag="100" ind1=" " ind2=" ">
    <subfield code="a">&#x92E;&#x93F;&#x930;&#x91C;&#x915;&#x930; &#x90F;&#x938; &#x90F;&#x938;</subfield>
  </datafield>
  <datafield tag="245" ind1=" " ind2=" ">
    <subfield code="a">&#x905;&#x902;&#x927;&#x93E;&#x930;&#x93E;&#x924;&#x942;&#x928; &#x92A;&#x94D;&#x930;&#x915;&#x93E;&#x936;&#x93E;&#x915;&#x921;&#x947;</subfield>
  </datafield>
  <datafield tag="260" ind1=" " ind2=" ">
    <subfield code="b">&#x932;&#x94B;&#x915;&#x92E;&#x93E;&#x928;&#x94D;&#x92F; &#x917;&#x943;&#x939; &#x92A;&#x94D;&#x930;&#x93E;. &#x932;&#x93F;</subfield>
    <subfield code="c">1980</subfield>
  </datafield>
  <datafield tag="300" ind1=" " ind2=" ">
    <subfield code="a">223</subfield>
  </datafield>
  <datafield tag="630" ind1=" " ind2=" ">
    <subfield code="a">&#x905;&#x902;&#x927;&#x93E;&#x930;&#x93E;&#x924;&#x942;&#x928; &#x92A;&#x94D;&#x930;&#x915;&#x93E;&#x936;&#x93E;&#x915;&#x921;&#x947;</subfield>
  </datafield>
  <datafield tag="730" ind1=" " ind2=" ">
    <subfield code="a">&#x905;&#x902;&#x927;&#x93E;&#x930;&#x93E;&#x924;&#x942;&#x928; &#x92A;&#x94D;&#x930;&#x915;&#x93E;&#x936;&#x93E;&#x915;&#x921;&#x947;</subfield>
  </datafield>
  <datafield tag="942" ind1=" " ind2=" ">
    <subfield code="c">BOOK</subfield>
  </datafield>
  <datafield tag="999" ind1=" " ind2=" ">
    <subfield code="c">415785</subfield>
    <subfield code="d">415782</subfield>
  </datafield>
  <datafield tag="952" ind1=" " ind2=" ">
    <subfield code="0">0</subfield>
    <subfield code="1">0</subfield>
    <subfield code="4">0</subfield>
    <subfield code="7">0</subfield>
    <subfield code="a">SVPPARLE</subfield>
    <subfield code="b">SVPPARLE</subfield>
    <subfield code="d">1981-05-08</subfield>
    <subfield code="g">25.00</subfield>
    <subfield code="l">0</subfield>
    <subfield code="o">31023</subfield>
    <subfield code="p">SVPPARLE-31023</subfield>
    <subfield code="r">2010-01-25 00:00:00</subfield>
    <subfield code="v">25.00</subfield>
    <subfield code="w">2010-01-25</subfield>
    <subfield code="y">BOOK</subfield>
    <subfield code="z">General NA</subfield>
  </datafield>
</record>
